000 00565 a2200205 4500
005 20260227094856.0
008 260225b |||||||| |||| 00| 0 eng d
020 _a9789370631038
_cRs. 825.00
040 _aMAIN
082 _a347.7
_bS38I
100 _aSrivastava, S C
245 _aIndustrial relations and labour laws
250 _a9th
260 _bVikash Publishing
_c2026
_aNoida
300 _axlix, 797
650 _aIndustrial Relations-India
650 _aLabour Unions-Law
650 _alndustrial Disputes-Law and Legisation-India
942 _cBK
999 _c396312
_d396312